| 000 | 03079nam2a2200289 4500 | ||
|---|---|---|---|
| 001 | RU\NLR\BIBL_A\022297799 | ||
| 005 | 20240823165322.0 | ||
| 010 |
_a978-5-907692-78-7 _9500 |
||
| 021 |
_aRU _bКН-П-24-037637 _9КН-П-24-3766 |
||
| 035 | _a(NLR Aleph) 022297799 | ||
| 090 |
_a13240376 _c13240376 |
||
| 100 | _a20240813d2024 k y0rusy50 ca | ||
| 101 | 0 | _arus | |
| 102 | _aRU | ||
| 105 | _ay z 100yy | ||
| 200 | 0 |
_aТ. 4 _eматериалы Круглого стола "Научные школы и социокультурная политика: теоретические исследования и прикладные разработки" и Научно-практической конференци "Система подготовки кадров для организаций культуры, науки и образования", проведенных в рамках Международной конференц-сессии |
|
| 210 | _d2024 | ||
| 215 | _a347 с. | ||
| 320 | _aБиблиогр. в конце ст. и в подстроч. примеч. | ||
| 461 | 0 |
_1001RU\NLR\BIBL_A\022297788 _12001#$aГосударственное управление и развитие России: цивилизационные вызовы и национальные интересы$eсборник статей Конференц-сессии ИГСУ РАНХиГС (15-20 мая 2023 г.)$fРоссийская академия народного хозяйства и государственной службы при Президенте Российской Федерации, Институт государственной службы и управления$vТ. 4 _913240365 _cМосква _d2024- _fРоссийская академия народного хозяйства и государственной службы при Президенте Российской Федерации, Институт государственной службы и управления _nНаучный консультант _oсборник статей Конференц-сессии ИГСУ РАНХиГС (15-20 мая 2023 г.) _tГосударственное управление и развитие России: цивилизационные вызовы и национальные интересы _vТ. 4 |
|
| 711 | 1 | 2 |
_a"Научные школы и социокультурная политика: теоретические исследования и прикладные разработки", круглый стол _eМосква _f2023 _9886056 _3RU\NLR\AUTH\880614205 |
| 711 | 1 | 2 |
_a"Система подготовки кадров для организаций культуры, науки и образования", научно-практическая конференция _eМосква _f2023 _9886057 _3RU\NLR\AUTH\880614206 |
| 942 | _cBOOK | ||
| 980 | _aNB | ||